El escorial : (Registro nro. 6982)

Detalles MARC
000 -CABECERA
Campo de control interno 01765nam a2200253Ia 4500
008 - ELEMENTOS DE LONGITUD FIJA - INFORMACIÓN GENERAL
Campo de control de longitud fija 260220t1984||||xx |||||||||||||| ||spa||
020 ## - ISBN
ISBN 8471200058
040 ## - FUENTE DE CATALOGACIÓN
Agencia de catalogación original PY-SlUNAC
Idioma de catalogación spa
Convenciones de descripción rda
041 ## - CÓDIGO DE IDIOMA
Código de idioma para texto/pista de sonido o título separado spa
082 ## - NÚMERO DE CLASIFICACIÓN DECIMAL DEWEY
Clasificación Decimal Dewey (CDD) 306
Clasificación Expansiva de Cutter (EC) L881e
100 ## - ASIENTO PRINCIPAL - NOMBRE PERSONAL
Nombre personal López Serrano, Matilde
Rol del autor Autor
245 #0 - TÍTULO
Título El escorial :
Subtítulo el monasterio y las cositas del príncipe y del infante /
Mención de responsabilidad por Matilde López Serrano [Autor]
264 ## - PIE DE IMPRENTA
Lugar Madrid :
Editorial Patrimonio Nacional,
Año ℗1984.
300 ## - DESCRIPCIÓN FÍSICA
Páginas 1 volumen
520 ## - NOTA DE RESUMEN
Nota de resumen En "El Escorial: el monasterio y las cositas del príncipe y del infante", Matilde López Serrano ofrece un análisis detallado del Monasterio de El Escorial, explorando su rica historia y su relevancia cultural en el contexto español. A través de una narrativa que combina aspectos arquitectónicos, históricos y simbólicos, la autora describe la construcción del monasterio, un símbolo del poder y la espiritualidad de la monarquía española, así como su función como panteón real y centro de conocimiento. López Serrano también se adentra en la vida cotidiana de los príncipes y el infante, revelando elementos de su educación, relaciones y actividades dentro de este monumental recinto. La obra se apoya en una amplia investigación documental y visual, ofreciendo al lector una visión integral de El Escorial como un espacio donde se entrelazan lo sagrado y lo secular, lo histórico y lo vivencial, destacando su legado patrimonial y su significado en la historia de España.
653 ## - MATERIA - TÉRMINO TEMÁTICO NO CONTROLADO (PALABRAS CLAVE)
Materia - término temático no controlado (palabras clave) Historia del arte
653 ## - MATERIA - TÉRMINO TEMÁTICO NO CONTROLADO (PALABRAS CLAVE)
Materia - término temático no controlado (palabras clave) Monasterios
653 ## - MATERIA - TÉRMINO TEMÁTICO NO CONTROLADO (PALABRAS CLAVE)
Materia - término temático no controlado (palabras clave) Patrimonio cultural
942 ## - ELEMENTOS PERSONALIZADOS (KOHA)
Fecha catalogación 2026/02/17
Tipo de documento Libros
Existencias
Fuente de Clasificacion Colección Ubicacion permanente Biblioteca actual Fecha de Ingreso a la Biblioteca Origen de adquisición Código de ubicación Código de barras Tipo de Item KOHA Nota pública
Dewey Decimal Classification Colección General (CG) Biblioteca e Internet, Facultad de Ciencias Exactas y Naturales Biblioteca e Internet, Facultad de Ciencias Exactas y Naturales 02/20/2026 Donación 306 L881e CG342 Libros Material disponible en la Biblioteca e Intenet, Campus UNA, San Lorenzo.